Active Separatist Movements in Europe - Statistics

General Stats
  • This quiz has been taken 97 times
  • The average score is 30 of 91
Answer Stats
Country That Owns Them Independence Movement % Correct
Belgium Flanders
94%
United Kingdom Scotland
80%
United Kingdom Wales
79%
Spain Catalonia
77%
Cyprus Northern Cyprus
77%
United Kingdom Northern Ireland
77%
Belgium Wallonia
77%
France Corsica
75%
Ukraine Crimea
73%
Spain Basque Country
70%
France French Basque Country
70%
Italy Sicily
70%
France Brittany
69%
Denmark Faroe Islands
69%
Moldova Transnistria
69%
Germany Bavaria
68%
Italy Sardinia
68%
United Kingdom Isle of Man
63%
United Kingdom England
59%
Russia Chechnya
58%
Finland Åland
56%
Spain Galicia
56%
Serbia Kosovo
55%
United Kingdom Cornwall
54%
Ukraine Donetsk
52%
Russia Karelia
52%
Czechia Moravia
49%
Ukraine Luhansk
46%
Spain Aragon
45%
Spain Valencia
45%
Netherlands Frisia
44%
France Occitania
44%
Bosnia and Herzegovina Republika Srpska
44%
Serbia Vojvodina
42%
Spain Andalusia
41%
Italy Lombardy
38%
Italy Veneto
38%
Spain Canary Islands
37%
Russia Kaliningrad
37%
Spain Navarre
37%
France Alsace
35%
Spain León
35%
Spain Asturias
34%
Spain Castile
34%
Italy South Tyrol
34%
Russia Bashkortostan
30%
Moldova Gagauzia
30%
Russia Ingushetia
25%
Russia Mari El
25%
Denmark Bornholm
24%
France Provence
24%
Russia Kalmykia
21%
Russia Udmurtia
21%
Poland Kashubia
20%
Russia Chuvashia
18%
Italy Trieste
18%
Russia Mordovia
17%
Italy Northern Italy
17%
Poland Upper Silesia
17%
Netherlands Groningen
15%
Russia Idel-Ural
11%
Russia Leningrad
11%
Serbia Sandžak
10%
Bosnia and Herzegovina Herzeg-Bosnia
8%
Russia Komi Republic
7%
Russia Kuban
7%
France Northern Catalonia
7%
Romania Székely Land
7%
Russia Lezgistan
6%
Romania Partium
6%
Italy Friuli-Venezia Giulia
4%
Russia Karachay-Balkaria
4%
Russia Kumykia
4%
Russia Nenetsia
4%
Russia Abazinia
3%
Russia Avaria
3%
Russia Don Republic
3%
Belgium Eastern Belgium/German Speakers
3%
Russia Nogaia
3%
Russia Tartarstan
3%
Russia Ural Republic
3%
Russia Aghulistan
1%
Spain Baerlic Islands
1%
Russia Darginstan
1%
Switzerland Jura Region
1%
Russia Lakistan
1%
Russia Rutulstan
1%
Russia Tabasaranstan
1%
Spain Aran Valley
0%
Russia Cirassia
0%
Russia Permyakia
0%
No matching quizzes found
Score Distribution
Percent of People with Each Score
Percentile by Number Answered
Your Score History
You have not taken this quiz